书目信息 |
| 题名: |
方毅传
|
|
| 作者: | 叶如根 主编 | |
| 分册: | ||
| 出版信息: | 北京 人民出版社 2008.10 |
|
| 页数: | 754页, [23] 页图版 | |
| 开本: | 21cm | |
| 丛书名: | ||
| 单 册: | ||
| 中图分类: | K827=7 | |
| 科图分类: | ||
| 主题词: | 政治家--zheng zhi jia--传记--中国--现代 | |
| 电子资源: | ||
| ISBN: | 978-7-01-007420-7 | |
| 000 | 00682nam0 2200229 450 | |
| 001 | CAL 012009019422 | |
| 005 | 20111228162201.65 | |
| 010 | @a978-7-01-007420-7@dCNY78.00 | |
| 100 | @a20090302d2008 em y0chiy50 ea | |
| 101 | 0 | @achi |
| 102 | @aCN@b110000 | |
| 105 | @aacf z 000yb | |
| 200 | 1 | @a方毅传@Afang yi zhuan |
| 210 | @a北京@c人民出版社@d2008.10 | |
| 215 | @a754页, [23] 页图版@c图 (部分彩图) , 肖像@d21cm | |
| 314 | @a本书主编叶如根 | |
| 600 | 0 | @a方毅,@Afang yi@f1916-1997@x传记@y中国 |
| 606 | 0 | @a政治家@Azheng zhi jia@x传记@y中国@z现代 |
| 690 | @aK827=7@v4 | |
| 701 | 0 | @a叶如根@Aye ru gen@4主编 |
| 801 | 0 | @aCN@bZZRC@c20111228 |
| 905 | @aZUCC@dK827=7@eF260@f3 | |
| 方毅传.-北京:人民出版社,2008.10 |
| 754页, [23] 页图版:图 (部分彩图) , 肖像;21cm |
| ISBN 978-7-01-007420-7:CNY78.00 |
| ● |
| 相关链接 |
|
|
|
正题名:方毅传
索取号:K827=7/F260
 
预约/预借
| 序号 | 登录号 | 条形码 | 馆藏地/架位号 | 状态 | 备注 |
| 1 | 1185236 | 211852360 | 社科库309/309社科库 58排7列1层/ [索取号:K827=7/F260] | 在馆 | |
| 2 | 1185237 | 211852379 | 社科库309/309社科库 58排7列1层/ [索取号:K827=7/F260] | 在馆 | |
| 3 | 1185238 | 211852388 | 社科库309/309社科库 58排7列1层/ [索取号:K827=7/F260] | 在馆 |